000 00514nam a2200181Ia 4500
005 20250326143738.0
008 250326s9999 xx 000 0 und d
037 _aTextbook
040 _aFMSL
_beng
_cFMSL
041 _aeng
_2eng
084 _aXobB P1
_qFMSL
100 _aBaltagi B H
_9255637
245 0 _aCompanion to theoretical econometrics
_cBaltagi B H
260 _aUnited Kingdom
_bUnited Kingdom, Blackwell
_c2001
300 _a709p
942 _cTB
_hXobB P1
999 _c1300847
_d1300847